00265nam a2200109Ia 4500008004100000100002500041245003300066260001700099650001500116942000700131999001700138190216s9999||||xx |||||||||||||| ||und|| aAbdul Kader Chetuvay 0aMahakavi Chetuvay Pareekutty bP K Brothers aOormakurip cBK c24601d24601